[Event "Junior Online 4NCL Division 3"]
[Site "online"]
[Date "2020.05.14"]
[Round "5.48"]
[White "Griffin-Young, Sebastian"]
[Black "Oprea, Danny"]
[Result "0-1"]
[WhiteElo "1420"]
[BlackElo "1630"]
[PlyCount "106"]
[EventDate "2020.05.14"]
[WhiteTeam "Robin Hoods 1"]
[BlackTeam "KJCA Young Kestrels C"]

1. d4 d5 2. Bf4 e6 3. e3 Nf6 4. Nf3 Be7 5. Be2 O-O 6. O-O a6 7. Nbd2 b5 8. b3
Bb7 9. c4 bxc4 10. bxc4 Nbd7 11. Rb1 Rb8 12. cxd5 Bxd5 13. a4 a5 14. Nc4 Bxc4
15. Bxc4 Nb6 16. Bb5 Bb4 17. Ne5 Qd5 18. Bc6 Qa2 19. Qf3 Nbd5 20. Bg5 Rbd8 21.
Ra1 Qb3 22. Rfb1 Qc2 23. e4 Qxe4 24. Qxe4 Nxe4 25. Bxd8 Rxd8 26. Bxd5 exd5 27.
Nd3 Bc3 28. Ra3 Bxd4 29. Rb7 c5 30. Rb5 c4 31. Ne1 Bxf2+ 32. Kh1 Bxe1 33. Rxa5
Bxa5 34. Rf3 h6 35. Kg1 d4 36. Rf4 d3 37. Kf1 d2 38. Ke2 Nc3+ 39. Kf2 d1=Q 40.
Rf3 Qxf3+ 41. gxf3 Nxa4 42. Ke3 c3 43. Ke2 c2 44. Ke3 c1=R 45. Kf2 Rc2+ 46. Ke3
Rdd2 47. Kf4 Rxh2 48. Kg4 Rcg2+ 49. Kf4 Rh4+ 50. Ke3 Rg3 51. Kf2 Be1+ 52. Kxe1
Rh2 53. Kd1 Rg1# 0-1

[Event "Junior Online 4NCL Division 3"]
[Site "online"]
[Date "2020.05.14"]
[Round "5.51"]
[White "Cowan, James"]
[Black "Baber, Sanjit"]
[Result "0-1"]
[WhiteElo "1390"]
[BlackElo "1540"]
[PlyCount "122"]
[EventDate "2020.05.14"]
[WhiteTeam "St Albans Early Knights 2"]
[BlackTeam "Wey 1"]

1. d4 Nf6 2. Nc3 d5 3. Nf3 e6 4. Bf4 c5 5. e3 Nc6 6. Bb5 Bd7 7. O-O Be7 8. Ne2
cxd4 9. exd4 a6 10. Ba4 b5 11. Bb3 O-O 12. a4 bxa4 13. Bxa4 Nb4 14. Bxd7 Qxd7
15. c3 Nc6 16. Qd3 Qb7 17. Rfb1 a5 18. Bg3 Qd7 19. c4 dxc4 20. Qxc4 Bd6 21.
Bxd6 Qxd6 22. Rc1 Nb4 23. Qc7 Qxc7 24. Rxc7 Nd3 25. Rb1 Rfb8 26. Rc2 Nh5 27.
Rd2 Ndf4 28. Nxf4 Nxf4 29. g3 Ng6 30. d5 exd5 31. Rxd5 h6 32. Kg2 a4 33. Rd3 a3
34. Rd2 axb2 35. Rdxb2 Rxb2 36. Rxb2 Rd8 37. h4 f6 38. h5 Ne5 39. Nxe5 fxe5 40.
Re2 Re8 41. f4 e4 42. Kf2 Kf7 43. g4 Kf6 44. Kg3 g6 45. hxg6 Kxg6 46. Re3 Re7
47. Kf2 h5 48. Kg3 hxg4 49. Kxg4 Kf6 50. Kg3 Kf5 51. Re2 Rg7+ 52. Kh2 Kxf4 53.
Rf2+ Ke5 54. Re2 Kd4 55. Kh1 Kd3 56. Re1 e3 57. Kh2 Kd2 58. Ra1 e2 59. Ra2+ Ke3
60. Ra3+ Kf2 61. Ra1 Rh7# 0-1

[Event "Junior Online 4NCL Division 3"]
[Site "online"]
[Date "2020.05.14"]
[Round "5.52"]
[White "Doyle, Joshua"]
[Black "Ravithas, Ashwin"]
[Result "0-1"]
[WhiteElo "1600"]
[BlackElo "1382"]
[PlyCount "174"]
[EventDate "2020.05.14"]
[WhiteTeam "Wey 1"]
[BlackTeam "St Albans Early Knights 2"]

1. e4 e5 2. Nf3 Nc6 3. Bc4 Bc5 4. d3 h6 5. Be3 Bb6 6. O-O Nf6 7. Qd2 Bxe3 8.
fxe3 O-O 9. Bb5 d6 10. Qf2 Bg4 11. h3 Bd7 12. Nh2 Ne7 13. Nc3 Bxb5 14. Nxb5 c6
15. Nc3 Ng6 16. Qg3 Re8 17. h4 Nh5 18. Qf3 Nf6 19. h5 Ne7 20. Ng4 Nxg4 21. Qxg4
Rf8 22. Rf3 Qc8 23. Rg3 Qxg4 24. Rxg4 f6 25. Rf1 Rf7 26. Rf3 Nc8 27. d4 exd4
28. exd4 b6 29. d5 cxd5 30. exd5 Ne7 31. Re3 Re8 32. Nb5 Rd8 33. Rge4 Nxd5 34.
Re8+ Rxe8 35. Rxe8+ Rf8 36. Nxd6 Rxe8 37. Nxe8 Nb4 38. Nc7 Nxc2 39. Nb5 a5 40.
Kf2 Nb4 41. a3 Nd3+ 42. Ke3 Nxb2 43. Kd4 Kf8 44. Kd5 Ke7 45. Kc6 Nc4 46. a4 Nb2
47. Kxb6 Nxa4+ 48. Kxa5 Nb2 49. Kb4 Nd3+ 50. Kc3 Nf4 51. g4 Nh3 52. Kd4 Nf2 53.
Ke3 Nxg4+ 54. Kf4 Ne5 55. Nd4 g6 56. hxg6 Nxg6+ 57. Kf5 Kf7 58. Ne2 h5 59. Ng3
h4 60. Ne4 h3 61. Kg4 h2 62. Ng3 Ne5+ 63. Kh3 Nf3 64. Kg2 Ng5 65. Kxh2 Ke6 66.
Kg2 Ke5 67. Kf2 Ne4+ 68. Nxe4 Kxe4 69. Ke2 f5 70. Kf2 Kf4 71. Kf1 Kf3 72. Ke1
Kg2 73. Ke2 f4 74. Kd3 f3 75. Ke3 f2 76. Ke2 f1=Q+ 77. Ke3 Qf3+ 78. Kd2 Qe4 79.
Kc3 Qd5 80. Kb4 Qc6 81. Ka5 Qb7 82. Ka4 Kf3 83. Ka5 Ke4 84. Ka4 Kd5 85. Ka3 Kc4
86. Ka2 Kc3 87. Ka1 Qb2# 0-1

[Event "Junior Online 4NCL Division 3"]
[Site "online"]
[Date "2020.05.14"]
[Round "5.53"]
[White "Jain, Ekansh Rajesh"]
[Black "Mokhber-Garcia, Sebastian"]
[Result "0-1"]
[WhiteElo "1337"]
[BlackElo "1465"]
[PlyCount "104"]
[EventDate "2020.05.14"]
[WhiteTeam "St Albans Early Knights 2"]
[BlackTeam "Wey 1"]

1. e4 e5 2. Nf3 Nc6 3. Nc3 Nf6 4. Bc4 Nxe4 5. Nxe4 d5 6. Bxd5 Qxd5 7. d3 Bf5 8.
O-O Bxe4 9. dxe4 Qxe4 10. Bg5 f6 11. Bh4 Rd8 12. Re1 Rxd1 13. Raxd1 Qxc2 14. h3
Bd6 15. Nd2 O-O 16. Ne4 Rd8 17. Ng3 g5 18. Rc1 Qxb2 19. Ne4 gxh4 20. Nxf6+ Kh8
21. Nd5 Qxa2 22. Nf6 Qf7 23. Ne4 Nb4 24. Rb1 Qa2 25. Nxd6 cxd6 26. Rxb4 Qa5 27.
Reb1 b6 28. Rxh4 Rc8 29. Rh6 d5 30. Re6 e4 31. Rd6 Qc5 32. Rd7 Qc2 33. Ra1 a5
34. Rxd5 Qc6 35. Rd2 Qc3 36. Rad1 Re8 37. Rd6 b5 38. R6d5 Qc4 39. h4 a4 40. h5
a3 41. Rd7 a2 42. Ra7 b4 43. Ra1 b3 44. h6 Qd4 45. Ra3 Qxa1+ 46. Kh2 Qb2 47.
Ra7 a1=Q 48. Rd7 Qxf2 49. Rg7 Qag1+ 50. Kh3 Qh1+ 51. Kg4 Qfxg2+ 52. Kf5 Qhf1#
0-1

[Event "Junior Online 4NCL Division 3"]
[Site "online"]
[Date "2020.05.14"]
[Round "5.54"]
[White "Guo James, Jintian"]
[Black "Vayzert, Darya"]
[Result "1-0"]
[WhiteElo "1457"]
[BlackElo "1315"]
[PlyCount "179"]
[EventDate "2020.05.14"]
[WhiteTeam "Wey 1"]
[BlackTeam "St Albans Early Knights 2"]

1. e4 c6 2. d4 d5 3. exd5 cxd5 4. c4 e6 5. Nc3 Nc6 6. Nf3 Nf6 7. Be2 Bd6 8. O-O
O-O 9. Qc2 Re8 10. Bg5 h6 11. Bxf6 Qxf6 12. cxd5 exd5 13. Nxd5 Qd8 14. Bb5
Bxh2+ 15. Nxh2 Qxd5 16. Bxc6 Qxc6 17. Qxc6 bxc6 18. Rfe1 Bf5 19. Rac1 Bd7 20.
Nf3 Rab8 21. b3 f6 22. g3 Bg4 23. Rxe8+ Rxe8 24. Kg2 Re6 25. Ng1 g5 26. f3 Bf5
27. g4 Bg6 28. Kg3 h5 29. a4 h4+ 30. Kg2 f5 31. Kh3 f4 32. Kg2 Be8 33. a5 Re3
34. b4 Rd3 35. Rc4 Rd2+ 36. Kh3 Rd1 37. Kh2 Rd2+ 38. Kh1 Bf7 39. Rxc6 Rxd4 40.
b5 Rb4 41. b6 axb6 42. Rxb6 Rxb6 43. axb6 Bd5 44. Kg2 Kf7 45. Kf2 Ke7 46. Ke2
Kd6 47. Kd3 Kc6 48. Kd4 Be6 49. Ke5 Bc8 50. Kf6 Kxb6 51. Kxg5 Kc7 52. Kxh4 Kd8
53. Kg5 Ke7 54. Kxf4 Kf6 55. Nh3 Bd7 56. Nf2 Kg6 57. Ne4 Kg7 58. Kg5 Be6 59. f4
Bd5 60. Nf6 Bf7 61. f5 Bc4 62. Nh5+ Kg8 63. Kg6 Bf7+ 64. Kh6 Bxh5 65. Kxh5 Kg7
66. g5 Kg8 67. Kh6 Kh8 68. g6 Kg8 69. f6 Kh8 70. g7+ Kg8 71. f7+ Kxf7 72. Kh7
Kf6 73. g8=Q Ke5 74. Qf7 Ke4 75. Qf6 Kd5 76. Qe7 Kd4 77. Qe6 Kc5 78. Qd7 Kc4
79. Qd6 Kb5 80. Qc7 Kb4 81. Qc6 Kb3 82. Qc5 Kb2 83. Qc4 Kb1 84. Qe2 Kc1 85. Kg6
Kb1 86. Kf5 Kc1 87. Ke4 Kb1 88. Kd4 Kc1 89. Kc3 Kb1 90. Qb2# 1-0

[Event "Junior Online 4NCL Division 3"]
[Site "online"]
[Date "2020.05.14"]
[Round "5.55"]
[White "Baber, Sanjit"]
[Black "Cowan, James"]
[Result "0-1"]
[WhiteElo "1540"]
[BlackElo "1390"]
[PlyCount "154"]
[EventDate "2020.05.14"]
[WhiteTeam "Wey 1"]
[BlackTeam "St Albans Early Knights 2"]

1. d4 Nf6 2. e3 g6 3. c4 Bg7 4. Bd3 d6 5. Nf3 Nc6 6. Nc3 e5 7. dxe5 dxe5 8. e4
Bg4 9. O-O Nd4 10. Be2 Nxe2+ 11. Qxe2 O-O 12. Qe3 Re8 13. h3 Bxf3 14. Qxf3 Qe7
15. Bg5 h6 16. Bxf6 Qxf6 17. Qxf6 Bxf6 18. Nd5 Bd8 19. Nc3 c6 20. b3 Bb6 21.
Na4 Bd4 22. Rad1 b5 23. cxb5 cxb5 24. Kh1 bxa4 25. bxa4 Re6 26. Rc1 Ra6 27. Rc4
Rb8 28. f4 Rb2 29. fxe5 Bxe5 30. a3 Ra2 31. Rc8+ Kg7 32. Re8 Ra1 33. Rxa1 Bxa1
34. e5 Rxa4 35. e6 fxe6 36. Rxe6 Rxa3 37. Re7+ Kf6 38. Rh7 Be5 39. g4 Rxh3+ 40.
Kg2 Rh4 41. Kf3 Kg5 42. Rxa7 Rxg4 43. Ra5 Rf4+ 44. Ke3 Rf5 45. Ke4 Rf4+ 46. Ke3
Rf5 47. Ke4 h5 48. Rb5 h4 49. Rb1 Kh6 50. Rh1 Rh5 51. Rh3 Bc7 52. Kf3 g5 53.
Kg4 Kg6 54. Rh1 h3 55. Kf3 h2 56. Kg2 Kf5 57. Kf2 g4 58. Kg2 g3 59. Kf3 Rg5 60.
Kg2 Bd6 61. Kf3 g2 62. Rxh2 g1=Q 63. Rf2 Qxf2+ 64. Kxf2 Kf4 65. Kf1 Bc5 66. Ke2
Rg3 67. Kf1 Kf3 68. Ke1 Rg2 69. Kd1 Ba3 70. Ke1 Bb4+ 71. Kf1 Bc5 72. Ke1 Rh2
73. Kd1 Ke3 74. Kc1 Kd3 75. Kb1 Kc3 76. Ka1 Kb3 77. Kb1 Rh1# 0-1

[Event "Junior Online 4NCL Division 3"]
[Site "online"]
[Date "2020.05.14"]
[Round "5.56"]
[White "Ravithas, Ashwin"]
[Black "Doyle, Joshua"]
[Result "1-0"]
[WhiteElo "1382"]
[BlackElo "1600"]
[PlyCount "121"]
[EventDate "2020.05.14"]
[WhiteTeam "St Albans Early Knights 2"]
[BlackTeam "Wey 1"]

1. e4 e5 2. Nf3 Nc6 3. Bc4 Nd4 4. Nxd4 exd4 5. c3 dxc3 6. Nxc3 Nf6 7. d3 Bc5 8.
Bg5 d6 9. h3 h6 10. Bh4 g5 11. Bg3 h5 12. h4 g4 13. O-O Be6 14. Bb3 c6 15. d4
Bb4 16. Re1 Kd7 17. Bxe6+ fxe6 18. e5 Bxc3 19. bxc3 Ne8 20. exd6 Nxd6 21. Be5
Rf8 22. Bxd6 Kxd6 23. g3 Qf6 24. Qe2 Rae8 25. Qe5+ Kd7 26. Qxf6 Rxf6 27. Re5
Rh6 28. Rb1 b6 29. c4 Rf8 30. c5 b5 31. a4 Rf5 32. Rxf5 exf5 33. axb5 cxb5 34.
Rxb5 Kc6 35. Ra5 Kb7 36. d5 Ra6 37. Rxa6 Kxa6 38. c6 Kb6 39. Kf1 a5 40. Ke2 a4
41. Kd3 a3 42. Kc3 Kc7 43. Kb3 Kd6 44. Kxa3 Kc7 45. Kb3 Kd6 46. Kc3 Kc7 47. Kd3
Kd6 48. Ke3 Kc7 49. Kf4 Kd6 50. Kxf5 Kc7 51. Kg5 Kd6 52. Kxh5 Kc7 53. Kxg4 Kd6
54. h5 Kc7 55. h6 Kd6 56. h7 Kc7 57. h8=Q Kd6 58. Qf6+ Kc7 59. Qe6 Kb8 60. Qd7
Ka8 61. Qb7# 1-0

[Event "Junior Online 4NCL Division 3"]
[Site "online"]
[Date "2020.05.14"]
[Round "5.57"]
[White "Mokhber-Garcia, Sebastian"]
[Black "Jain, Ekansh Rajesh"]
[Result "1-0"]
[WhiteElo "1465"]
[BlackElo "1337"]
[PlyCount "67"]
[EventDate "2020.05.14"]
[WhiteTeam "Wey 1"]
[BlackTeam "St Albans Early Knights 2"]

1. e4 e5 2. Nf3 Nc6 3. Bc4 h6 4. Nc3 Nf6 5. d3 Bc5 6. Be3 Bxe3 7. fxe3 O-O 8.
O-O d6 9. d4 Re8 10. Qd3 Qe7 11. Nd5 Nxd5 12. Bxd5 Nb4 13. Qc4 Nxd5 14. Qxd5 c6
15. Qc4 d5 16. exd5 cxd5 17. Qxd5 exd4 18. exd4 Qe2 19. Rae1 Qxc2 20. Rxe8+ Kh7
21. Qe4+ Qxe4 22. Rxe4 Bf5 23. Re7 Bd3 24. Rd1 Be2 25. Rxe2 f6 26. d5 Rd8 27.
d6 Rd7 28. Re7 Rxd6 29. Rxd6 h5 30. Rxf6 Kh8 31. Rg6 Kg8 32. Rgxg7+ Kf8 33. Ne5
h4 34. Ng6# 1-0

[Event "Junior Online 4NCL Division 3"]
[Site "online"]
[Date "2020.05.14"]
[Round "5.58"]
[White "Vayzert, Darya"]
[Black "Guo James, Jintian"]
[Result "0-1"]
[WhiteElo "1315"]
[BlackElo "1457"]
[PlyCount "90"]
[EventDate "2020.05.14"]
[WhiteTeam "St Albans Early Knights 2"]
[BlackTeam "Wey 1"]

1. d4 Nf6 2. Nf3 g6 3. e3 Bg7 4. Be2 O-O 5. O-O d6 6. c3 b6 7. Nbd2 Bb7 8. Re1
c5 9. Bd3 Nbd7 10. e4 e6 11. Qc2 cxd4 12. cxd4 Rc8 13. Qd1 e5 14. dxe5 dxe5 15.
b3 Nc5 16. Bc2 Nfxe4 17. Bxe4 Nxe4 18. Nxe4 Qxd1 19. Rxd1 Bxe4 20. Nxe5 Bxe5
21. Ba3 Bxa1 22. Bxf8 Kxf8 23. Rxa1 Rc2 24. h3 Kg7 25. Re1 Bf5 26. a4 Rb2 27.
Re3 Be6 28. f3 Rxb3 29. Rxb3 Bxb3 30. a5 bxa5 31. Kf1 a4 32. Ke1 a3 33. Kd2 a2
34. Kc1 a1=Q+ 35. Kd2 Qd4+ 36. Ke2 Bd1+ 37. Kf1 Qd3+ 38. Kf2 f5 39. Kg3 g5 40.
Kf2 f4 41. Kg1 Qe2 42. Kh2 Qa2 43. Kg1 Bxf3 44. Kf1 Qxg2+ 45. Ke1 Qe2# 0-1

[Event "Junior Online 4NCL Division 3"]
[Site "online"]
[Date "2020.05.14"]
[Round "5.61"]
[White "Ray, Hiya"]
[Black "Stevenson, Neil"]
[Result "1-0"]
[WhiteElo "1823"]
[BlackElo "1483"]
[PlyCount "51"]
[EventDate "2020.05.14"]
[WhiteTeam "St John's College A"]
[BlackTeam "EPR Paradox"]

1. d4 f5 2. Nf3 Nf6 3. c4 e6 4. g3 Bb4+ 5. Bd2 Bxd2+ 6. Nbxd2 O-O 7. Bg2 Qe8 8.
O-O d6 9. Qc2 e5 10. e4 f4 11. gxf4 exf4 12. e5 dxe5 13. dxe5 Ng4 14. Qe4 Nc6
15. Rae1 b6 16. h3 Nh6 17. Ng5 Bf5 18. Qxc6 Qd8 19. Qd5+ Kh8 20. Qxa8 Qxa8 21.
Bxa8 Rxa8 22. e6 Bd3 23. e7 Bxf1 24. e8=Q+ Rxe8 25. Rxe8+ Ng8 26. Nf7# 1-0

[Event "Junior Online 4NCL Division 3"]
[Site "online"]
[Date "2020.05.14"]
[Round "5.62"]
[White "Wynn, Jacob"]
[Black "Choudhury, Anish"]
[Result "0-1"]
[WhiteElo "1234"]
[BlackElo "1448"]
[PlyCount "168"]
[EventDate "2020.05.14"]
[WhiteTeam "EPR Paradox"]
[BlackTeam "St John's College A"]

1. e4 e6 2. d4 d5 3. exd5 exd5 4. Nc3 Nf6 5. Nf3 c5 6. Be3 Qb6 7. b3 Nc6 8. Bb5
Bd7 9. O-O Be7 10. Re1 O-O 11. Bd3 cxd4 12. Bxd4 Nxd4 13. Rxe7 Bg4 14. Re3
Nxf3+ 15. Rxf3 Bxf3 16. Qxf3 Qd4 17. Be2 Ne4 18. Rd1 Qxc3 19. Bd3 Qe5 20. c4
Rad8 21. cxd5 Rxd5 22. Re1 f5 23. Bc4 Kh8 24. Bxd5 Qxd5 25. Rd1 Qc5 26. Re1 Qc2
27. a4 Qd2 28. Rd1 Qc2 29. Re1 Rd8 30. Qxf5 Re8 31. h3 Qc6 32. a5 Qe6 33. Qf3
Qc6 34. Qf5 Qe6 35. Qf3 Qe5 36. Qd3 Qf5 37. f3 Qc5+ 38. Kh1 Ng3+ 39. Kh2 Nf1+
40. Kh1 Qf8 41. Rxf1 Re5 42. b4 h6 43. Qd4 Re7 44. Qxa7 Rc7 45. Qb6 Qe7 46. a6
Rc6 47. Qa7 Rxa6 48. Qb8+ Kh7 49. Qf4 Rf6 50. Qd4 Rd6 51. Qf4 Rf6 52. Qg3 Qxb4
53. Qf2 Qe7 54. Qc2+ Kg8 55. Qc4+ Qe6 56. Qc3 b5 57. Rb1 Qc4 58. Qe3 b4 59.
Qe8+ Kh7 60. Qe4+ Qxe4 61. fxe4 Rb6 62. e5 Kg6 63. e6 Kf6 64. e7 Kxe7 65. Kh2
Kd6 66. Kg3 Ke5 67. Kg4 g5 68. Kh5 Kf4 69. g3+ Kxg3 70. Rg1+ Kf2 71. Rh1 b3 72.
Rb1 b2 73. Kg4 Ke2 74. Kf5 Kd2 75. Ke4 Kc2 76. Re1 Re6+ 77. Kf5 Rxe1 78. Kg6
b1=Q 79. Kxh6 Qb6+ 80. Kxg5 Re5+ 81. Kf4 Qd4+ 82. Kf3 Re3+ 83. Kf2 Qd2+ 84. Kf1
Re1# 0-1

[Event "Junior Online 4NCL Division 3"]
[Site "online"]
[Date "2020.05.14"]
[Round "5.63"]
[White "Dantu, Sridatta"]
[Black "Jessop, Osian"]
[Result "0-1"]
[WhiteElo "1368"]
[BlackElo "1169"]
[PlyCount "100"]
[EventDate "2020.05.14"]
[WhiteTeam "St John's College A"]
[BlackTeam "EPR Paradox"]

1. e4 e5 2. Nf3 Nc6 3. Bc4 Nf6 4. d4 exd4 5. Nxd4 Nxd4 6. Qxd4 d6 7. Bg5 Be7 8.
Nc3 c5 9. Qd3 a6 10. O-O-O h6 11. Bxf6 Bxf6 12. Qxd6 Qxd6 13. Rxd6 O-O 14. Re1
Bg5+ 15. Kb1 b5 16. Bd5 Rb8 17. g3 Bf6 18. e5 Be7 19. Rc6 Bd7 20. Rc7 Rfd8 21.
f4 Rbc8 22. Rxc8 Bxc8 23. e6 fxe6 24. Bxe6+ Bxe6 25. b3 Rd6 26. Re5 Bf6 27.
Rxc5 Bxc3 28. Rxc3 Rd2 29. Rc6 Bf5 30. Kc1 Rxh2 31. c4 Rxa2 32. cxb5 axb5 33.
Rb6 Bd3 34. g4 Rc2+ 35. Kd1 Rb2 36. Rb8+ Kh7 37. f5 Rxb3 38. Rb7 Rb4 39. f6
Rxg4 40. f7 Rf4 41. Rd7 Bg6 42. Rb7 Rxf7 43. Rxb5 Rf5 44. Rb7 h5 45. Rb2 h4 46.
Rh2 Rh5 47. Ke2 Bf5 48. Kf3 g5 49. Ke3 Kg6 50. Kd4 g4 0-1

[Event "Junior Online 4NCL Division 3"]
[Site "online"]
[Date "2020.05.14"]
[Round "5.64"]
[White "Haddow, Dylan"]
[Black "Nukalapati, Sarthak"]
[Result "0-1"]
[WhiteElo "803"]
[BlackElo "1322"]
[PlyCount "80"]
[EventDate "2020.05.14"]
[WhiteTeam "EPR Paradox"]
[BlackTeam "St John's College A"]

1. e4 e5 2. Nf3 Nc6 3. Nc3 Nf6 4. Bc4 Nxe4 5. Nxe5 Nxc3 6. Nxc6 Nxd1 7. Nxd8
Kxd8 8. O-O Nxf2 9. Re1 Bc5 10. Kf1 Re8 11. Rxe8+ Kxe8 12. d4 Bxd4 13. Bg5 Kf8
14. Re1 f6 15. Be3 Bxe3 16. Rxe3 Ng4 17. Rg3 Ne5 18. Bb3 d6 19. Rh3 Bxh3 20.
gxh3 Re8 21. Bd5 c6 22. Be4 d5 23. Bxh7 g6 24. Kf2 Kg7 25. Bxg6 Nxg6 26. Kg3 b5
27. b4 Re4 28. h4 Rxb4 29. c3 Rb2 30. Kg4 Rxa2 31. h5 Ne5+ 32. Kf5 Rf2+ 33. Ke6
Nc4 34. h4 a5 35. Kd7 a4 36. Kxc6 a3 37. Kxb5 a2 38. Kb4 a1=Q 39. Kc5 Qa5+ 40.
Kd4 Rd2# 0-1

[Event "Junior Online 4NCL Division 3"]
[Site "online"]
[Date "2020.05.14"]
[Round "5.65"]
[White "Stevenson, Neil"]
[Black "Ray, Hiya"]
[Result "0-1"]
[WhiteElo "1483"]
[BlackElo "1823"]
[PlyCount "86"]
[EventDate "2020.05.14"]
[WhiteTeam "EPR Paradox"]
[BlackTeam "St John's College A"]

1. e4 c5 2. c3 Nf6 3. e5 Nd5 4. Nf3 Nc6 5. d4 cxd4 6. cxd4 d6 7. Bc4 Nb6 8. Bb3
dxe5 9. Nxe5 Nxe5 10. dxe5 Qxd1+ 11. Kxd1 g6 12. Nc3 Bg7 13. f4 O-O 14. Be3
Bg4+ 15. Kc2 Bf5+ 16. Kd2 Rad8+ 17. Ke2 g5 18. fxg5 Bxe5 19. Kf2 Kg7 20. Rad1
Rxd1 21. Rxd1 Bg4 22. Rc1 f6 23. gxf6+ Rxf6+ 24. Kg1 Be6 25. Ne4 Rg6 26. Bxe6
Rxe6 27. Nc5 Bxh2+ 28. Kxh2 Rxe3 29. Nxb7 Re2 30. Rc7 Nd5 31. Rd7 Nf6 32. Rc7
Rxb2 33. Rxe7+ Kg6 34. a4 Rb4 35. a5 Rb5 36. a6 Rb6 37. Nc5 Rc6 38. Rxa7 Rxc5
39. Rb7 Ra5 40. a7 Ra3 41. Rc7 Ng4+ 42. Kh1 Ra1+ 43. Rc1 Rxc1# 0-1

[Event "Junior Online 4NCL Division 3"]
[Site "online"]
[Date "2020.05.14"]
[Round "5.66"]
[White "Choudhury, Anish"]
[Black "Wynn, Jacob"]
[Result "1-0"]
[WhiteElo "1448"]
[BlackElo "1234"]
[PlyCount "63"]
[EventDate "2020.05.14"]
[WhiteTeam "St John's College A"]
[BlackTeam "EPR Paradox"]

1. e4 e5 2. Nf3 Nc6 3. Bc4 Bc5 4. Nc3 Nf6 5. d3 d6 6. Bg5 Bg4 7. h3 Bh5 8. g4
Bg6 9. Nd5 Nd4 10. Nxf6+ gxf6 11. Be3 Nxf3+ 12. Qxf3 Qe7 13. Bxc5 dxc5 14.
O-O-O O-O-O 15. h4 h6 16. h5 Bh7 17. Qe3 Bg8 18. f4 Kb8 19. fxe5 fxe5 20. Rhf1
f6 21. Bxg8 Rhxg8 22. Qf3 Rdf8 23. Qe3 Rh8 24. c3 Qe6 25. Kb1 Qb6 26. d4 cxd4
27. cxd4 exd4 28. Qxd4 Rd8 29. Qc3 Rxd1+ 30. Rxd1 Rg8 31. Qc4 Rxg4 32. Rd8# 1-0

[Event "Junior Online 4NCL Division 3"]
[Site "online"]
[Date "2020.05.14"]
[Round "5.67"]
[White "Jessop, Osian"]
[Black "Dantu, Sridatta"]
[Result "1-0"]
[WhiteElo "1169"]
[BlackElo "1368"]
[PlyCount "75"]
[EventDate "2020.05.14"]
[WhiteTeam "EPR Paradox"]
[BlackTeam "St John's College A"]

1. e4 d5 2. exd5 Nf6 3. Nc3 Nxd5 4. Nxd5 Qxd5 5. Nf3 Bg4 6. Be2 Nc6 7. h3 Bf5
8. d4 f6 9. c3 e5 10. O-O O-O-O 11. Be3 exd4 12. cxd4 g5 13. Bd3 Bxd3 14. Qxd3
h5 15. Rfd1 g4 16. hxg4 hxg4 17. Ne1 Bd6 18. Kf1 Rh1+ 19. Ke2 Re8 20. Kd2 Rh7
21. Qxh7 Nxd4 22. Bxd4 Qxd4+ 23. Qd3 Bf4+ 24. Kc2 Qxf2+ 25. Kb1 Be5 26. Qd2 Qb6
27. Nd3 Rd8 28. Qc2 Bd4 29. a3 Rd6 30. Rc1 Be3 31. Re1 Rc6 32. Qe2 Re6 33. Qxg4
Qb3 34. Rxe3 f5 35. Qg8+ Kd7 36. Qxe6+ Qxe6 37. Rxe6 Kxe6 38. Ka2 1-0

[Event "Junior Online 4NCL Division 3"]
[Site "online"]
[Date "2020.05.14"]
[Round "5.68"]
[White "Nukalapati, Sarthak"]
[Black "Haddow, Dylan"]
[Result "1-0"]
[WhiteElo "1322"]
[BlackElo "803"]
[PlyCount "69"]
[EventDate "2020.05.14"]
[WhiteTeam "St John's College A"]
[BlackTeam "EPR Paradox"]

1. e4 e5 2. Nf3 Nc6 3. Nc3 Nf6 4. d4 exd4 5. Nxd4 Bc5 6. Nxc6 dxc6 7. Qxd8+
Kxd8 8. Bg5 h6 9. Bh4 g5 10. Bg3 Bg4 11. Be5 Be7 12. f3 Be6 13. O-O-O+ Kc8 14.
Be2 Rd8 15. Kb1 g4 16. f4 Rxd1+ 17. Rxd1 g3 18. h3 b5 19. f5 Bc4 20. Bf3 a5 21.
b3 a4 22. bxc4 bxc4 23. Ka1 Rb8 24. Rb1 Rxb1+ 25. Kxb1 a3 26. Bxg3 Nh5 27. Bxh5
Bf6 28. e5 Bg5 29. Bxf7 Bd2 30. Ne4 Bb4 31. c3 c5 32. e6 Kd8 33. f6 c6 34. e7+
Kd7 35. e8=Q# 1-0

[Event "Junior Online 4NCL Division 3"]
[Site "online"]
[Date "2020.05.14"]
[Round "5.71"]
[White "Southcott-Moyers, Indy"]
[Black "Patel, Krrish"]
[Result "0-1"]
[WhiteElo "1487"]
[BlackElo "1517"]
[PlyCount "87"]
[EventDate "2020.05.14"]
[WhiteTeam "Stroud Cubs"]
[BlackTeam "Harrow Juniors B"]

1. d4 Nf6 2. c4 g6 3. Nc3 Bg7 4. e4 d6 5. Nf3 O-O 6. Be2 Nbd7 7. O-O b6 8. h3
a6 9. Be3 c5 10. d5 Bb7 11. Qc2 e5 12. Nd2 Nh5 13. Bxh5 gxh5 14. Qd1 Kh8 15.
Qxh5 Rg8 16. Qf3 Qh4 17. Qg4 Bf6 18. Qxh4 Bxh4 19. Nf3 Be7 20. g3 Bc8 21. Kg2
Nf6 22. Nd2 Nh5 23. Kh2 Bd7 24. a4 Bg5 25. Bxg5 Rxg5 26. Nf3 Rg7 27. Nh4 Rag8
28. Nf5 Bxf5 29. exf5 Nf6 30. g4 Rg5 31. f3 h5 32. Rg1 hxg4 33. fxg4 R8g7 34.
Rae1 Rh7 35. Kg3 Rhg7 36. Ne4 Nxe4+ 37. Rxe4 f6 38. h4 Rxf5 39. Rg2 Rf1 40. Kh2
Ra1 41. b3 Rb1 42. Re3 Rf1 43. Rd3 Rf4 44. Kh3 0-1

[Event "Junior Online 4NCL Division 3"]
[Site "online"]
[Date "2020.05.14"]
[Round "5.72"]
[White "Sankar, Dheekshitha"]
[Black "Carey, Alex"]
[Result "0-1"]
[WhiteElo "1510"]
[BlackElo "1442"]
[PlyCount "60"]
[EventDate "2020.05.14"]
[WhiteTeam "Harrow Juniors B"]
[BlackTeam "Stroud Cubs"]

1. e4 c5 2. Bc4 Nc6 3. d3 d6 4. Nf3 Nf6 5. Nc3 Bg4 6. Be3 g6 7. Qd2 Bxf3 8.
gxf3 Bg7 9. O-O-O Ne5 10. Bb5+ Nfd7 11. Bxd7+ Qxd7 12. Qe2 O-O 13. Rhg1 a5 14.
f4 Nc6 15. a3 e6 16. d4 cxd4 17. e5 dxc3 18. Rxd6 cxb2+ 19. Kxb2 Qc7 20. Kc1
Rfd8 21. Rgd1 Rxd6 22. Rxd6 Bf8 23. Rd1 Bxa3+ 24. Kb1 Qe7 25. Rd3 Nb4 26. Rxa3
Nxc2 27. Rb3 Nb4 28. Kc1 Rc8+ 29. Kd1 Qd7+ 30. Ke1 Qc6 0-1

[Event "Junior Online 4NCL Division 3"]
[Site "online"]
[Date "2020.05.14"]
[Round "5.73"]
[White "Edwards, Jacob"]
[Black "Parikh, Naavya"]
[Result "1-0"]
[WhiteElo "1412"]
[BlackElo "1375"]
[PlyCount "147"]
[EventDate "2020.05.14"]
[WhiteTeam "Stroud Cubs"]
[BlackTeam "Harrow Juniors B"]

1. e4 e5 2. Bc4 Nf6 3. d4 exd4 4. Nf3 Nc6 5. Nxd4 Nxe4 6. Nxc6 dxc6 7. Qxd8+
Kxd8 8. O-O Nd6 9. Bb3 Bf5 10. Nc3 Kd7 11. Bf4 Be6 12. Bxe6+ fxe6 13. Rad1 Re8
14. Ne4 e5 15. Bg3 Kc8 16. Rfe1 Nxe4 17. Rxe4 Bd6 18. Rde1 Kd7 19. Bxe5 Bxe5
20. Rxe5 Rxe5 21. Rxe5 Re8 22. Rxe8 Kxe8 23. Kf1 Ke7 24. Ke2 Ke6 25. Kd3 Kd5
26. h4 c5 27. g4 c4+ 28. Ke3 Ke5 29. f4+ Kd6 30. g5 b5 31. h5 Ke6 32. Ke4 g6
33. hxg6 hxg6 34. c3 c5 35. a3 a5 36. Kf3 b4 37. a4 bxc3 38. bxc3 Kf5 39. Ke3
Ke6 40. Ke4 Kf7 41. Kd5 Ke7 42. Kxc5 Ke6 43. Kxc4 Kf5 44. Kd5 Kxf4 45. c4 Kxg5
46. c5 Kf5 47. c6 g5 48. c7 g4 49. c8=Q+ Kf4 50. Kc5 g3 51. Qg8 Kf3 52. Kb5 Kf2
53. Kxa5 g2 54. Kb6 g1=R 55. Qxg1+ Kxg1 56. a5 Kf2 57. a6 Ke3 58. a7 Kd4 59.
a8=Q Kc4 60. Qa5 Kd4 61. Kc6 Ke4 62. Kd6 Kd4 63. Qb4+ Ke3 64. Kd5 Kf3 65. Ke5
Kg3 66. Kf5 Kf3 67. Qc3+ Ke2 68. Ke4 Kf2 69. Qe3+ Kg2 70. Kf4 Kh2 71. Kg4 Kg2
72. Qe2+ Kh1 73. Kg3 Kg1 74. Qg2# 1-0

[Event "Junior Online 4NCL Division 3"]
[Site "online"]
[Date "2020.05.14"]
[Round "5.74"]
[White "Benhamou, Nathan"]
[Black "Ashworth, Jaime"]
[Result "1-0"]
[WhiteElo "1382"]
[BlackElo "1390"]
[PlyCount "127"]
[EventDate "2020.05.14"]
[WhiteTeam "Harrow Juniors B"]
[BlackTeam "Stroud Cubs"]

1. e4 e6 2. d4 d5 3. e5 c5 4. c3 Nc6 5. Nf3 Qb6 6. Bd3 Bd7 7. O-O cxd4 8. cxd4
Nxd4 9. Nxd4 Qxd4 10. Re1 Bc5 11. Be3 Qb4 12. a3 Qb6 13. Bxc5 Qxc5 14. Qb3 Qc7
15. Nd2 Ne7 16. Rac1 Qa5 17. Nf3 Rb8 18. Ng5 h6 19. Nf3 O-O 20. Bb1 Qa4 21. Qd3
Ng6 22. Nh4 Be8 23. Re3 Qxh4 24. Rg3 Qh5 25. Re1 Bd7 26. Ree3 Qf5 27. Qd1 Qf4
28. Rg4 Qxe3 29. fxe3 Nxe5 30. Rg3 Rbc8 31. h4 Rc7 32. Rh3 Rfc8 33. Kf2 Rc1 34.
Qb3 Rxb1 35. Qxb7 Rc2+ 36. Kg3 Rbxb2 37. Qa8+ Kh7 38. Rh2 Rb3 39. Qxa7 Rcc3 40.
Kf2 Rb2+ 41. Kg3 Rc4 42. Qa5 Rg4+ 43. Kh3 Rc4 44. Qe1 Rbc2 45. Qf1 f6 46. Qb1
R4c3 47. g3 Nc4 48. Rxc2 e5+ 49. Kg2 Rxc2+ 50. Qxc2+ Kg8 51. Qb3 Nxe3+ 52. Kf2
Nc4 53. a4 Kf7 54. a5 Kg6 55. a6 Bc6 56. a7 Kf5 57. Qb1+ Ke6 58. Qb8 Na5 59.
Qc7 Ba8 60. Qxa5 Kd6 61. Qd8+ Kc5 62. Qxa8 Kb6 63. Qb8+ Ka6 64. a8=R# 1-0